000 00279 a2200121 4500
001 146911
040 _cEscola São Tomás de Aquino
100 _aBANDEIRA, Pedro
240 1 0 _aÉ proibido miar
_lpor
245 1 0 _aÉ proibido miar
697 _a*LITERATURA INFANTO
942 _cBK
999 _c146911
_d146911